00637nam a2200193Ia 4500001000700000008004100007020005100048082001900099100002100118245008000139250001100219260003600230300001400266503001800280504003300298650003500331650002600366700005100392Z_6904220601s9999 xx 000 0 und d a978-1-4051-2382-2 (rústica : papel alcalino) a636.208905 W43 aWeaver, A. David aBovine surgery an lameness / A. David Weaver, Guy St. Jean y Adrian Steiner a2a ed. aOxford, Reino Unido : Blackwell ax, 278 p. aej.1: consumo abibliografía: p. 259 - 260 a1. Ganado vacuno -- Cirugía  aCirugía veterinaria aSt. Jean, Guy, aut. \ Steiner, Adrian, aut.Ì